Балада про співочих пташок (Запис № 17148)

000 -Маркер запису
Контрольне поле сталої довжини 02329nam a22002537a 4500
003 - Належність контрольного номера
Контрольне поле Uzh_bibl
008 - Кодовані дані
Контрольне поле сталої довжини 260323b |||||||| |||| 00| 0 ukr d
020 ## - Індекс ISBN
ISBN 978-966-993-703-2
Ціна 70.00
040 ## - Джерело каталогіз.
Код мови каталог. укр.
041 ## - Код мови видання
Код мови оригіналу англійська
Код мови тексту українська
080 ## - Індекс УДК
Індекс УДК 821(73)
090 ## - Шифри
Поличний індекс 821(73)
Авторський знак К 63
100 ## - Автор
Автор Коллінз,Сюзанна
245 ## - Назва
Назва Балада про співочих пташок
Відповідальність пер.з англ.М.Пухлій
Фізичний носій Текст
260 ## - Вихідні дані
Місце видання Київ
Видавництво Форс Україна
Дата видання 2022
300 ## - Фізичний опис
Обсяг 576 с.
Тип одиниці В опр.
520 ## - Анотація
Анотація Дія роману відбувається за 64 роки до подій основної трилогії. Після повстання округів родина 18-річного Коріолана Сноу втратила майже все. Єдиний шанс повернути сім’ї колишню велич і заможність – отримати стипендію на навчання в Університеті, яку здобуває переможець шкільного проєкту – менторської роботи з одним із трибутів Десятих Голодних ігор. <br/>www.yakaboo.ua<br/>+1<br/><br/>Коріолан отримує завдання наставляти Люсі Ґрей Бейрд, харизматичну дівчину з Округу 12, яка не виглядає типовим переможцем. Поступово між ними виникає зв’язок, і Сноу намагається знайти баланс між справжніми почуттями та жагою до перемоги, усвідомлюючи, що успіх має свою ціну. Роман досліджує витоки Голодних ігор та формування майбутнього президента Панему, показуючи, як амбіції та влада впливають на характер і моральні вибори молодого Сноу.
521 ## - Примітка про цільове призначення
Примітка про цільове призначення Для широкого кола читачів
546 ## - Примітка про мову
Примітка про мову укр.
650 ## - Тематичні рубрики
Основна рубрика Літературно-художне видання
653 ## - Ключові слова
Ключові слова Винагорода
-- Перемога
-- Почуття
655 ## - Термін індексування — жанр/форма
Жанр/форма Фантастика
Типове ділення роман
942 ## - ADDED ENTRY ELEMENTS (KOHA)
Джерело класифікації чи схема поличного розташування
Koha item type Книги
Фонди
Статус вилучення Статус втрати/відсутності Джерело класифікації чи схема поличного розташування Статус пошкодження Тип обігу (не для випозичання) Постійне розташування Поточне розташування Розташування у відділі Дата надходження Джерело надходження (постачальник) Інвентарний номер Total Checkouts Повний (примірниковий) шифр зберігання Штрих-код Date last seen Date last checked out Дата, для якої чинна ціна заміни Тип одиниці (рівень примірника)
          Бібліотека-філія №2 Публічна бібліотека Абонемент старший відділ 16/03/2026 Подаровані 80792 1 821(73) 19263 02/04/2026 02/04/2026 17/03/2026 Книги

Працює на АБІС Коха